Master plan project for Vietnam fisheries : Sub-project 3: fish trade, processing and marketing

The report fish processing outline the development of the Vietnamese fish processing sector. The report further describe and asses the present situation of the processing sector and suggest ways for further development.

Kaydedildi:
Detaylı Bibliyografya
Materyal Türü: Kitap
Dil:Undetermined
Baskı/Yayın Bilgisi: Denmark Consulting Engineering and Planners AS 1996
Konular:
Etiketler: Etiketle
Etiket eklenmemiş, İlk siz ekleyin!
Thư viện lưu trữ: Trung tâm Học liệu Trường Đại học Cần Thơ
LEADER 00801nam a2200193Ia 4500
001 CTU_149908
008 210402s9999 xx 000 0 und d
082 |a 338.371 
082 |b M423/Re.5 
245 0 |a Master plan project for Vietnam fisheries : 
245 0 |b Sub-project 3: fish trade, processing and marketing 
260 |a Denmark 
260 |b Consulting Engineering and Planners AS 
260 |c 1996 
520 |a The report fish processing outline the development of the Vietnamese fish processing sector. The report further describe and asses the present situation of the processing sector and suggest ways for further development. 
650 |a Fishery management,Aquaculture 
650 |x Economic aspects 
904 |i Năm 
980 |a Trung tâm Học liệu Trường Đại học Cần Thơ